Mayy, adībat al-sharq wa-al-ʻurūbah. (Record no. 47767)

MARC details
000 -LEADER
fixed length control field 00678cam a22002291 4500
001 - CONTROL NUMBER
control field ne 64003548
003 - CONTROL NUMBER IDENTIFIER
control field DLC
005 - DATE AND TIME OF LATEST TRANSACTION
control field 20260227111809.0
008 - FIXED-LENGTH DATA ELEMENTS--GENERAL INFORMATION
fixed length control field 890607s1964 ua b 000 0 ara
010 ## - LIBRARY OF CONGRESS CONTROL NUMBER
LC control number ne 64003548
025 ## - OVERSEAS ACQUISITION NUMBER
Overseas acquisition number PL480:UAR-5192
035 ## - SYSTEM CONTROL NUMBER
System control number (OCoLC)19830366
040 ## - CATALOGING SOURCE
Original cataloging agency DLC
Transcribing agency WaU
Modifying agency WaU
-- DLC
042 ## - AUTHENTICATION CODE
Authentication code premarc
050 00 - LIBRARY OF CONGRESS CALL NUMBER
Classification number PJ7876.I9
Item number Z69
100 1# - MAIN ENTRY--PERSONAL NAME
Personal name Ḥasan, Muḥammad ʻAbd al-Ghanī.
245 10 - TITLE STATEMENT
Title Mayy, adībat al-sharq wa-al-ʻurūbah.
Statement of responsibility, etc. [Taʼlīf] Muḥammad ʻAbd al-Ghanī Ḥasan.
260 ## - PUBLICATION, DISTRIBUTION, ETC.
Place of publication, distribution, etc. al-Qāhirah,
Name of publisher, distributor, etc. ʻĀlam al-Kutub
Date of publication, distribution, etc. [1964]
300 ## - PHYSICAL DESCRIPTION
Extent 338 p.
Dimensions 19 cm.
504 ## - BIBLIOGRAPHY, ETC. NOTE
Bibliography, etc. note Bibliographical footnotes.
600 10 - SUBJECT ADDED ENTRY--PERSONAL NAME
Personal name Ziyādah, Mayy.

No items available.

Powered by Koha